[Event "Verbandsliga Suedbaden 1718"]
[Site "Baden"]
[Date "2018.05.06"]
[Round "9.5"]
[White "Tammert, Guenther"]
[Black "Zimmer, Raphael"]
[Result "1/2-1/2"]
[WhiteElo "2176"]
[BlackElo "2146"]
[PlyCount "40"]
[EventDate "2017.10.08"]
[EventType "team-tourn"]
[EventRounds "9"]
[EventCountry "GER"]
[SourceTitle "EXT 2019"]
[Source "ChessBase"]
[SourceDate "2018.10.10"]
[SourceVersion "1"]
[SourceVersionDate "2018.10.10"]
[SourceQuality "1"]
[WhiteTeam "Kuppenheim"]
[BlackTeam "Sasbach"]
[WhiteTeamCountry "GER"]
[BlackTeamCountry "GER"]

1. e4 e5 2. Nf3 Nc6 3. Bb5 a6 4. Ba4 Nf6 5. d3 b5 6. Bb3 Be7 7. 0-0 0-0 8. c3 Re8 9. h3 Bf8 10. Nbd2 Na5 11. Bc2 c5 12. Nb3 Nxb3 13. axb3 h6 14. Qe2 d5 15. c4 bxc4 16. bxc4 dxe4 17. dxe4 Bb7 18. Rd1 Qc7 19. Bd2 Rad8 20. Bc3 Rxd1+ 1/2-1/2

[Event "Verbandsliga Suedbaden 1617"]
[Site "Baden"]
[Date "2017.03.12"]
[Round "7.4"]
[White "Haussernot, Cecile"]
[Black "Tammert, Guenther"]
[Result "1/2-1/2"]
[WhiteElo "2098"]
[BlackElo "2176"]
[PlyCount "21"]
[EventDate "2016.10.09"]
[EventType "team-tourn"]
[EventRounds "9"]
[EventCountry "GER"]
[SourceTitle "EXT 2022"]
[Source "ChessBase"]
[SourceDate "2021.10.06"]
[SourceVersion "1"]
[SourceVersionDate "2021.10.06"]
[SourceQuality "1"]
[WhiteTeam "Baden Baden IV"]
[BlackTeam "Kuppenheim"]
[WhiteTeamCountry "GER"]
[BlackTeamCountry "GER"]

1. Nf3 d5 2. g3 g6 3. Bg2 Bg7 4. d4 Nf6 5. c4 0-0 6. cxd5 Nxd5 7. Nc3 Nxc3 8. bxc3 c5 9. Be3 Nc6 10. Qd2 Qa5 11. Rc1 1/2-1/2

[Event "Verbandsliga Suedbaden 1516"]
[Site "Baden"]
[Date "2016.01.24"]
[Round "5.4"]
[White "Schulz, Vladimir"]
[Black "Tammert, Guenther"]
[Result "0-1"]
[WhiteElo "2164"]
[BlackElo "2176"]
[PlyCount "90"]
[EventDate "2015.09.27"]
[EventType "team-tourn"]
[EventRounds "9"]
[EventCountry "GER"]
[SourceTitle "EXT 2022"]
[Source "ChessBase"]
[SourceDate "2021.10.06"]
[SourceVersion "1"]
[SourceVersionDate "2021.10.06"]
[SourceQuality "1"]
[WhiteTeam "Baden Baden IV"]
[BlackTeam "Kuppenheim"]
[WhiteTeamCountry "GER"]
[BlackTeamCountry "GER"]

1. Nf3 g6 2. d4 Bg7 3. e4 d5 4. exd5 Qxd5 5. c4 Qa5+ 6. Bd2 Qb6 7. Nc3 c6 8. c5 Qd8 9. Bc4 Nf6 10. Qb3 0-0 11. Ne5 e6 12. Be3 b5 13. Be2 a5 14. h4 a4 15. Qc2 Nd5 16. Bd2 Nb4 17. Qb1 Qxd4 18. Nf3 Qxc5 19. Ne4 Qe7 20. h5 e5 21. Nfg5 h6 22. hxg6 fxg6 23. a3 Nd5 24. Nf3 h5 25. Nfg5 Na6 26. g4 hxg4 27. Qd3 Nf4 28. Bxf4 exf4 29. 0-0-0 Qe5 30. Qc2 Be6 31. Nxe6 Qxe6 32. Ng5 Qb3 33. Qxb3+ axb3 34. Bxg4 Rfd8 35. Be6+ Kf8 36. Bd7 Nc5 37. Bxc6 Rxd1+ 38. Rxd1 Rc8 39. Rd6 Na4 40. Rxg6 Bxb2+ 41. Kb1 Bxa3 42. Ne4 b4 43. Ka1 Nc3 44. Nxc3 bxc3 45. Bd5 Bb2+ 0-1

[Event "Oberliga Baden 1314"]
[Site "Germany"]
[Date "2013.12.15"]
[Round "4.6"]
[White "Friedel, Marcus"]
[Black "Tammert, Guenther"]
[Result "1-0"]
[WhiteElo "2149"]
[BlackElo "2182"]
[PlyCount "93"]
[EventDate "2013.10.13"]
[EventType "team-tourn"]
[EventRounds "9"]
[EventCountry "GER"]
[SourceTitle "EXT 2015"]
[Source "ChessBase"]
[SourceDate "2014.11.20"]
[SourceVersion "1"]
[SourceVersionDate "2014.11.20"]
[SourceQuality "1"]
[WhiteTeam "Ettlingen"]
[BlackTeam "Kuppenheim"]
[WhiteTeamCountry "GER"]
[BlackTeamCountry "GER"]

1. e4 g6 2. d4 Bg7 3. Nc3 a6 4. h4 h5 5. Be3 d6 6. Qd2 Nf6 7. f3 Nc6 8. 0-0-0 b5 9. Nh3 e5 10. dxe5 Nxe5 11. Bg5 Bxh3 12. Rxh3 Qd7 13. f4 Nc4 14. Bxc4 bxc4 15. Bxf6 Bxf6 16. e5 Bg7 17. Qe2 0-0 18. exd6 cxd6 19. Qxc4 Rfc8 20. Qd5 Rab8 21. f5 Kh7 22. fxg6+ fxg6 23. Rg3 Rc6 24. Qe4 d5 25. Rxd5 Qb7 26. Nd1 Kh8 27. Rb3 Rb6 28. Rxb6 Qxb6 29. c3 Rf8 30. Kc2 Rf1 31. Rg5 Rf6 32. Qe8+ Kh7 33. Qe4 Re6 34. Qd3 Kg8 35. Qd5 Kh7 36. Qd3 Kg8 37. Rd5 Qb7 38. a3 Qe7 39. g3 Re2+ 40. Kb1 Re6 41. Rd7 Qf6 42. Ne3 Kh7 43. Ng2 Rb6 44. Nf4 Qf8 45. Nxh5 Qxa3 46. Rxg7+ Kh6 47. Qe3+ 1-0

[Event "Oberliga Baden 1213"]
[Site "Baden"]
[Date "2013.02.24"]
[Round "7.7"]
[White "Tammert, Guenther"]
[Black "Vogelbacher, Georg"]
[Result "0-1"]
[WhiteElo "2193"]
[BlackElo "2136"]
[PlyCount "86"]
[EventDate "2012.10.14"]
[EventType "team-tourn"]
[EventRounds "9"]
[EventCountry "GER"]
[SourceTitle "EXT 2014"]
[Source "ChessBase"]
[SourceDate "2013.11.20"]
[SourceVersion "1"]
[SourceVersionDate "2013.11.20"]
[SourceQuality "1"]
[WhiteTeam "Kuppenheim"]
[BlackTeam "Waldshut"]
[WhiteTeamCountry "GER"]
[BlackTeamCountry "GER"]

1. Nf3 Nf6 2. g3 e6 3. Bg2 d5 4. 0-0 Be7 5. d3 c5 6. Nbd2 0-0 7. b3 b5 8. Bb2 Bb7 9. a4 a6 10. e3 Nbd7 11. Qe2 Qc7 12. c4 dxc4 13. dxc4 b4 14. e4 e5 15. Nh4 Nb8 16. f4 Nc6 17. fxe5 Nxe5 18. Nf5 Rfe8 19. Ne3 Rad8 20. Nd5 Qd6 21. Nf3 Nxd5 22. exd5 Bf6 23. Nxe5 Bxe5 24. Bxe5 Qxe5 25. Qxe5 Rxe5 26. Rae1 Rde8 27. Kf2 Rxe1 28. Rxe1 Rxe1 29. Kxe1 Kf8 30. Kf2 Bc8 31. Ke3 Ke7 32. Kf4 f6 33. h4 Bd7 34. a5 Kd6 35. h5 g6 36. hxg6 hxg6 37. Be4 Be8 38. g4 Bf7 39. g5 f5 40. Bc2 Be8 41. Bxf5 gxf5 42. Kxf5 Ba4 43. g6 Bxb3 0-1

[Event "Oberliga Baden 1213"]
[Site "Baden"]
[Date "2012.11.11"]
[Round "2.7"]
[White "Tammert, Guenther"]
[Black "Schlager, Thomas"]
[Result "1/2-1/2"]
[WhiteElo "2193"]
[BlackElo "2241"]
[PlyCount "42"]
[EventDate "2012.10.14"]
[EventType "team-tourn"]
[EventRounds "9"]
[EventCountry "GER"]
[SourceTitle "EXT 2014"]
[Source "ChessBase"]
[SourceDate "2013.11.20"]
[SourceVersion "1"]
[SourceVersionDate "2013.11.20"]
[SourceQuality "1"]
[WhiteTeam "Kuppenheim"]
[BlackTeam "Karlsruhe"]
[WhiteTeamCountry "GER"]
[BlackTeamCountry "GER"]

1. Nf3 d5 2. c4 c6 3. b3 dxc4 4. bxc4 e5 5. Bb2 e4 6. Nd4 Nf6 7. e3 Na6 8. f3 exf3 9. Nxf3 Bf5 10. Nd4 Bg4 11. Be2 Bxe2 12. Qxe2 Qb6 13. Nb3 Be7 14. 0-0 Nb4 15. d4 Nxa2 16. Rxa2 Qxb3 17. Bc3 Ne4 18. Ba5 0-0 19. Rb2 Qa4 20. Ra2 Qb3 21. Rb2 Qa4 1/2-1/2

[Event "Oberliga Baden 1213"]
[Site "Baden"]
[Date "2012.10.14"]
[Round "1.6"]
[White "Tammert, Guenther"]
[Black "Villing, Dieter"]
[Result "1-0"]
[WhiteElo "2193"]
[BlackElo "2177"]
[PlyCount "73"]
[EventDate "2012.10.14"]
[EventType "team-tourn"]
[EventRounds "9"]
[EventCountry "GER"]
[SourceTitle "EXT 2014"]
[Source "ChessBase"]
[SourceDate "2013.11.20"]
[SourceVersion "1"]
[SourceVersionDate "2013.11.20"]
[SourceQuality "1"]
[WhiteTeam "Kuppenheim"]
[BlackTeam "Ladenburg"]
[WhiteTeamCountry "GER"]
[BlackTeamCountry "GER"]

1. g3 e5 2. Bg2 d5 3. d3 Nf6 4. Nf3 Nc6 5. 0-0 Be7 6. b3 Bg4 7. h3 Bh5 8. Bb2 e4 9. dxe4 dxe4 10. Qxd8+ Rxd8 11. Ng5 Bg6 12. Nc3 Rd2 13. Ngxe4 Rxc2 14. Rab1 Nxe4 15. Bxe4 Bxe4 16. Nxe4 0-0 17. e3 f5 18. Nc3 Rd8 19. Rfc1 Rdd2 20. Rxc2 Rxc2 21. Nb5 a6 22. Nxc7 Nb4 23. Ne6 Nd3 24. Bxg7 Nxf2 25. Rb2 Nxh3+ 26. Kf1 Rc6 27. Nd4 Rc1+ 28. Kg2 Ng5 29. Nxf5 Ba3 30. Rd2 Kf7 31. g4 Ne4 32. Rd7+ Kg6 33. Bd4 Bf8 34. Rxb7 Rc2+ 35. Kf3 Ng5+ 36. Kg3 Ne4+ 37. Kf4 1-0

[Event "Oberliga Baden 1112"]
[Site "Germany"]
[Date "2012.04.15"]
[Round "9.6"]
[White "Tammert, Guenther"]
[Black "Kummle, Thomas"]
[Result "1/2-1/2"]
[WhiteElo "2197"]
[BlackElo "2093"]
[PlyCount "26"]
[EventDate "2011.10.02"]
[EventType "team-tourn"]
[EventRounds "9"]
[EventCountry "GER"]
[SourceTitle "EXT 2013"]
[Source "ChessBase"]
[SourceDate "2012.11.22"]
[SourceVersion "1"]
[SourceVersionDate "2012.11.22"]
[SourceQuality "1"]
[WhiteTeam "Kuppenheim"]
[BlackTeam "Waldshut"]
[WhiteTeamCountry "GER"]
[BlackTeamCountry "GER"]

1. Nf3 c5 2. g3 Nc6 3. Bg2 g6 4. 0-0 Bg7 5. d3 d6 6. Nbd2 e5 7. e4 Nge7 8. c3 0-0 9. a4 h6 10. Qe2 Be6 11. Rd1 Qd7 12. Nf1 Bb3 13. Re1 Na5 1/2-1/2

[Event "Oberliga Baden 1112"]
[Site "Germany"]
[Date "2012.02.05"]
[Round "6.6"]
[White "Werner, Clemens"]
[Black "Tammert, Guenther"]
[Result "1/2-1/2"]
[WhiteElo "2322"]
[BlackElo "2197"]
[PlyCount "51"]
[EventDate "2011.10.02"]
[EventType "team-tourn"]
[EventRounds "9"]
[EventCountry "GER"]
[SourceTitle "EXT 2013"]
[Source "ChessBase"]
[SourceDate "2012.11.22"]
[SourceVersion "1"]
[SourceVersionDate "2012.11.22"]
[SourceQuality "1"]
[WhiteTeam "Karlsruhe"]
[BlackTeam "Kuppenheim"]
[WhiteTeamCountry "GER"]
[BlackTeamCountry "GER"]

1. e4 g6 2. d4 Bg7 3. Nc3 c6 4. Nf3 d5 5. Bd3 dxe4 6. Nxe4 Bg4 7. c3 Nf6 8. Nxf6+ Bxf6 9. h3 Bf5 10. Bh6 Qb6 11. g4 Bxd3 12. Qxd3 Rg8 13. 0-0-0 Nd7 14. Rhe1 e6 15. Kb1 0-0-0 16. Bf4 Qa5 17. Qe2 Rge8 18. Rd2 h5 19. Red1 hxg4 20. hxg4 g5 21. Be5 Nxe5 22. dxe5 Be7 23. Qe3 Rxd2 24. Rxd2 Rd8 25. Rxd8+ Kxd8 26. Kc1 1/2-1/2

[Event "Verbandsliga Sued Baden 1011"]
[Site "Baden"]
[Date "2011.04.17"]
[Round "9.4"]
[White "Tammert, Guenther"]
[Black "Gorse, Gerard"]
[Result "1/2-1/2"]
[WhiteElo "2197"]
[BlackElo "2045"]
[PlyCount "51"]
[EventDate "2010.10.17"]
[EventType "team-tourn"]
[EventRounds "9"]
[EventCountry "GER"]
[SourceTitle "EXT 2012"]
[Source "ChessBase"]
[SourceDate "2011.11.24"]
[SourceVersion "1"]
[SourceVersionDate "2011.11.24"]
[SourceQuality "1"]
[WhiteTeam "Kuppenheim"]
[BlackTeam "Zaehringen II"]
[WhiteTeamCountry "GER"]
[BlackTeamCountry "GER"]

1. Nf3 c5 2. e4 e6 3. d3 Nc6 4. g3 g6 5. Bg2 Bg7 6. 0-0 e5 7. Nbd2 Nge7 8. Nc4 d6 9. c3 b5 10. Ne3 Rb8 11. a4 b4 12. Nd5 Nxd5 13. exd5 Ne7 14. Nh4 bxc3 15. bxc3 0-0 16. Ra2 Nf5 17. Nf3 Ba6 18. Bg5 f6 19. Bc1 Qa5 20. g4 Ne7 21. c4 Rb7 22. Bd2 Qc7 23. Qe1 Rfb8 24. Ba5 Qd7 25. Qe4 Bh6 26. g5 1/2-1/2

[Event "Verbandsliga Sued Baden 0910"]
[Site "Germany"]
[Date "2010.04.25"]
[Round "9.4"]
[White "Wieland, Oliver"]
[Black "Tammert, Guenther"]
[Result "0-1"]
[WhiteElo "2060"]
[BlackElo "2197"]
[PlyCount "76"]
[EventDate "2009.10.11"]
[EventType "team-tourn"]
[EventRounds "9"]
[EventCountry "GER"]
[SourceTitle "EXT 2011"]
[Source "ChessBase"]
[SourceDate "2010.11.26"]
[SourceVersion "1"]
[SourceVersionDate "2010.11.26"]
[SourceQuality "1"]
[WhiteTeam "Lahr"]
[BlackTeam "Kuppenheim"]
[WhiteTeamCountry "GER"]
[BlackTeamCountry "GER"]

1. e4 g6 2. d4 Bg7 3. Nc3 a6 4. Be3 e6 5. Qd2 b5 6. 0-0-0 Bb7 7. f3 d5 8. Kb1 Ne7 9. h4 h5 10. Bd3 c5 11. Bf1 Nbc6 12. exd5 exd5 13. Nce2 Na5 14. b3 Nac6 15. Nh3 a5 16. dxc5 a4 17. Nd4 axb3 18. cxb3 0-0 19. g4 hxg4 20. fxg4 Ne5 21. Be2 Bc8 22. Rhg1 f5 23. Nf4 Nxg4 24. Nfe6 Bxd4 25. Nxd8 Bxe3 26. Qd3 d4 27. Rxg4 fxg4 28. Qxb5 Bf5+ 29. Bd3 Nd5 30. Rc1 Raxd8 31. Bxf5 gxf5 32. Qa6 Kg7 33. Rh1 g3 34. h5 Rf6 35. Qa5 Rd7 36. c6 Rxc6 37. Qa8 Rcd6 38. h6+ Bxh6 0-1

[Event "Verbandsliga Sued Baden 0809"]
[Site "Germany"]
[Date "2008.11.02"]
[Round "3.5"]
[White "Tammert, Guenther"]
[Black "Schmidt, Jens Uwe"]
[Result "1/2-1/2"]
[WhiteElo "2197"]
[BlackElo "2098"]
[PlyCount "57"]
[EventDate "2008.09.28"]
[EventType "team-tourn"]
[EventRounds "9"]
[EventCountry "GER"]
[SourceTitle "EXT 2010"]
[Source "ChessBase"]
[SourceDate "2010.11.25"]
[SourceVersion "1"]
[SourceVersionDate "2010.11.25"]
[SourceQuality "1"]
[WhiteTeam "Kuppenheim"]
[BlackTeam "Lahr"]
[WhiteTeamCountry "GER"]
[BlackTeamCountry "GER"]

1. e4 e5 2. Nf3 Nc6 3. Bb5 d6 4. 0-0 Bd7 5. c3 g6 6. d4 Bg7 7. Re1 h6 8. h3 Nge7 9. d5 Nb8 10. Bf1 0-0 11. c4 f5 12. exf5 Nxf5 13. Nc3 Nh4 14. Nh2 Bc8 15. Be3 Nd7 16. Qd2 g5 17. Bd3 Nf6 18. Qc2 Nh5 19. g3 Nf5 20. g4 Nd4 21. Bxd4 exd4 22. gxh5 dxc3 23. bxc3 Bxh3 24. Re3 Qd7 25. Rae1 Be5 26. Bf1 Bf5 27. Bd3 Bh3 28. Bf1 Bf5 29. Bd3 1/2-1/2

[Event "Verbandsliga Sued Baden 0809"]
[Site "Germany"]
[Date "2008.10.12"]
[Round "2.5"]
[White "Rogachevskyy, Olexander"]
[Black "Tammert, Guenther"]
[Result "0-1"]
[WhiteElo "2029"]
[BlackElo "2197"]
[PlyCount "90"]
[EventDate "2008.09.28"]
[EventType "team-tourn"]
[EventRounds "9"]
[EventCountry "GER"]
[SourceTitle "EXT 2010"]
[Source "ChessBase"]
[SourceDate "2010.11.25"]
[SourceVersion "1"]
[SourceVersionDate "2010.11.25"]
[SourceQuality "1"]
[WhiteTeam "Rastatt"]
[BlackTeam "Kuppenheim"]
[WhiteTeamCountry "GER"]
[BlackTeamCountry "GER"]

1. d4 c5 2. e3 Nf6 3. c4 e6 4. Nc3 Be7 5. Nf3 0-0 6. Bd3 b6 7. 0-0 Bb7 8. d5 d6 9. e4 e5 10. h3 Nbd7 11. Bd2 Nh5 12. g3 g6 13. Bh6 Ng7 14. g4 Kh8 15. Qd2 Nf6 16. Nh2 Ng8 17. Be3 Bc8 18. Be2 f5 19. exf5 gxf5 20. f3 Qe8 21. Kg2 Rb8 22. f4 Qg6 23. Kh1 a6 24. Rg1 fxg4 25. hxg4 exf4 26. Bxf4 b5 27. Bd3 Qf6 28. Raf1 bxc4 29. Bb1 Bb7 30. Qc2 Qh4 31. Bg3 Qh3 32. Rxf8 Rxf8 33. Qe4 Rf7 34. Qxc4 Ne6 35. Ne4 Nf4 36. Bxf4 Rxf4 37. Qc3+ Qxc3 38. Nxc3 Nf6 39. Re1 Nxd5 40. Be4 Rxe4 41. Nxe4 Nf6 42. Kg1 Nxe4 43. Nf1 Bf6 44. Kh2 Be5+ 45. Kh3 Ng5+ 0-1

[Event "Verbandsliga Sued Baden 0708"]
[Site "Germany"]
[Date "2008.02.17"]
[Round "6.6"]
[White "Tammert, Guenther"]
[Black "Buehrer, Viktor"]
[Result "1-0"]
[WhiteElo "2156"]
[BlackElo "1719"]
[PlyCount "69"]
[EventDate "2007.10.14"]
[EventType "team-tourn"]
[EventRounds "9"]
[EventCountry "GER"]
[SourceTitle "EXT 2009"]
[Source "ChessBase"]
[SourceDate "2008.11.26"]
[SourceVersion "1"]
[SourceVersionDate "2008.11.26"]
[SourceQuality "1"]
[WhiteTeam "Kuppenheim"]
[BlackTeam "Gottmadingen"]
[WhiteTeamCountry "GER"]
[BlackTeamCountry "GER"]

1. Nf3 d5 2. c4 dxc4 3. Qa4+ Nc6 4. Qxc4 Nf6 5. d4 Bg4 6. Ne5 Be6 7. Qb5 Bd7 8. Nxd7 Qxd7 9. e3 e6 10. Qb3 Bb4+ 11. Bd2 Bxd2+ 12. Nxd2 0-0 13. Nf3 Qd5 14. Qxd5 exd5 15. Rc1 Rac8 16. Bd3 Ne7 17. Ne5 c6 18. Ke2 Ng6 19. Bf5 Rc7 20. f4 Nxe5 21. fxe5 Ne4 22. Rhf1 g6 23. Bxe4 dxe4 24. Rf4 Re7 25. Rcf1 g5 26. Rf6 Re6 27. R1f5 h6 28. h4 Rxf6 29. exf6 Re8 30. hxg5 hxg5 31. Rxg5+ Kh8 32. Re5 Rxe5 33. dxe5 Kh7 34. b4 Kg6 35. g4 1-0

[Event "Oberliga Baden 0607"]
[Site "Germany"]
[Date "2006.10.29"]
[Round "2.6"]
[White "Schmidt, Stefan"]
[Black "Tammert, Guenther"]
[Result "0-1"]
[WhiteElo "2138"]
[BlackElo "2196"]
[PlyCount "84"]
[EventDate "2006.10.15"]
[EventType "team-tourn"]
[EventRounds "9"]
[EventCountry "GER"]
[SourceTitle "CBM 115 Extra"]
[Source "ChessBase"]
[SourceDate "2007.01.10"]
[SourceVersion "1"]
[SourceVersionDate "2007.01.10"]
[SourceQuality "1"]
[WhiteTeam "Viernheim"]
[BlackTeam "Kuppenheim"]
[WhiteTeamCountry "GER"]
[BlackTeamCountry "GER"]

1. e4 d5 2. exd5 Nf6 3. d4 Nxd5 4. Nf3 g6 5. Bd3 Bg7 6. c3 0-0 7. 0-0 c6 8. Re1 Qc7 9. Bg5 f6 10. Bh4 e5 11. Bg3 Bg4 12. Nbd2 Nd7 13. h3 Bh5 14. Qb3 Kh8 15. Bh2 g5 16. Qc2 h6 17. Re2 c5 18. Bg6 Bxg6 19. Qxg6 cxd4 20. cxd4 Ne7 21. Qd3 Rad8 22. Qa3 Ng6 23. Rae1 Qb6 24. Nc4 Qe6 25. b3 b5 26. Nd6 Qd5 27. Nf5 e4 28. Nxg7 exf3 29. Re7 Nxe7 30. Rxe7 b4 31. Qxa7 Rc8 32. gxf3 Qxf3 33. Re1 Rf7 34. Ne6 Qxh3 35. Qa6 Re8 36. d5 Ne5 37. Bxe5 fxe5 38. Rxe5 Qg4+ 39. Kf1 Qh3+ 40. Kg1 Qg4+ 41. Kf1 Qd1+ 42. Kg2 Qf3+ 0-1

[Event "Oberliga Baden 0405"]
[Site "Germany"]
[Date "2005.02.13"]
[Round "7.7"]
[White "Tammert, Guenther"]
[Black "Schmidt, Jessica"]
[Result "1/2-1/2"]
[WhiteElo "2222"]
[BlackElo "2290"]
[PlyCount "21"]
[EventDate "2004.10.24"]
[EventType "team-tourn"]
[EventRounds "9"]
[EventCountry "GER"]
[SourceTitle "EXT 2007"]
[Source "ChessBase"]
[SourceDate "2006.11.23"]
[SourceVersion "1"]
[SourceVersionDate "2006.11.23"]
[SourceQuality "1"]
[WhiteTeam "Kuppenheim"]
[BlackTeam "Baden Oos II"]
[WhiteTeamCountry "GER"]
[BlackTeamCountry "GER"]

1. Nf3 d5 2. c4 c6 3. b3 Nf6 4. g3 Bf5 5. Bg2 e6 6. 0-0 Be7 7. Bb2 0-0 8. d3 h6 9. Nbd2 Nbd7 10. Rc1 Rc8 11. Re1 1/2-1/2